[Event "Holidays op"]
[Site "Toronto CAN"]
[Date "2007.12.30"]
[Round "5"]
[White "Sambuev, Bator"]
[Black "Barron, Michael"]
[Result "1-0"]
[WhiteElo "2522"]
[BlackElo "2347"]
[PlyCount "128"]
[GameId "2160767910557706"]
[EventDate "2007.12.26"]
[EventType "swiss"]
[EventRounds "7"]
[EventCountry "CAN"]

1. Nf3 f5 2. d4 Nf6 3. Bg5 g6 4. Bxf6 exf6 5. h4 h5 6. e3 d5 7. c4 Be6 8. Nc3 c6 9. Qb3 Qb6 10. Qxb6 axb6 11. cxd5 Bxd5 12. Nxd5 cxd5 13. Bb5+ Nc6 14. Ke2 Bd6 15. Rhc1 Rc8 16. g3 Ke7 17. Rc3 Na7 18. Ba4 Bb4 19. Rxc8 Rxc8 20. a3 Bd6 21. Bb3 Ke6 22. Nd2 Nc6 23. Kd3 Na5 24. Bd1 b5 25. a4 Bb4 26. axb5 Bxd2 27. Kxd2 Nc4+ 28. Ke1 Nxb2 29. Be2 Kd6 30. Ra7 Kc7 31. Bf3 Kb6 32. Ra2 Nd3+ 33. Kd1 Nb4 34. Rb2 Ka5 35. Rb1 b6 36. Be2 Ka4 37. Rc1 Rxc1+ 38. Kxc1 Kb3 39. Kd2 Na2 40. f3 Nc3 41. Bd3 Kb4 42. Ke1 Nxb5 43. g4 Nd6 44. gxh5 gxh5 45. f4 Kc3 46. Be2 b5 47. Bxh5 b4 48. Bf3 Ne4 49. Bxe4 fxe4 50. Kd1 Kb2 51. h5 b3 52. h6 Ka2 53. h7 b2 54. h8=Q b1=Q+ 55. Ke2 Qd3+ 56. Kf2 Qd2+ 57. Kf1 Qd1+ 58. Kf2 Qf3+ 59. Kg1 Qxe3+ 60. Kg2 Qxd4 61. Qa8+ Kb2 62. Qb7+ Kc2 63. Qc6+ Kd1 64. Qa6 Qd2+ 1-0

[Event "Holidays op"]
[Site "Toronto CAN"]
[Date "2007.12.30"]
[Round "6"]
[White "Roe, Jim"]
[Black "Gladstone, Simon"]
[Result "1-0"]
[WhiteElo "1553"]
[BlackElo "1776"]
[PlyCount "111"]
[GameId "2160767910557708"]
[EventDate "2007.12.26"]
[EventType "swiss"]
[EventRounds "7"]
[EventCountry "CAN"]

1. d4 e6 2. c4 Nf6 3. Nc3 Bb4 4. Bd2 O-O 5. Nf3 d6 6. a3 Bxc3 7. Bxc3 Nbd7 8. e3 b6 9. Be2 c5 10. O-O Bb7 11. Ne1 Rc8 12. f3 Ne8 13. e4 e5 14. d5 f5 15. Nc2 f4 16. g4 fxg3 17. hxg3 Qg5 18. Kg2 Rc7 19. Rh1 Ndf6 20. Bd2 Qg6 21. Rh4 Bc8 22. Qh1 Rcf7 23. Rf1 Nc7 24. Ne1 a6 25. b4 Bd7 26. Nc2 b5 27. Ne3 bxc4 28. Nxc4 Bb5 29. a4 Bxc4 30. Bxc4 Nd7 31. Rg4 Qf6 32. Bg5 Qg6 33. Be7 Qxg4 34. fxg4 Rxe7 35. Rxf8+ Kxf8 36. b5 Nb6 37. Bb3 axb5 38. axb5 Rf7 39. Qxh7 Ke7 40. Qg6 Nxb5 41. Qg5+ Kd7 42. Qd2 Nd4 43. Bd1 Nc4 44. Qc1 Nb6 45. Qa1 Kc8 46. Qa6+ Rb7 47. Qf1 c4 48. Qf8+ Kc7 49. Qxg7+ Nd7 50. Ba4 Kd8 51. Qg5+ Ke8 52. Qg8+ Ke7 53. Qc8 Nc5 54. Qe8+ Kf6 55. Qd8+ Kg6 56. Qxd6+ 1-0

[Event "Howard Ridout Swiss"]
[Site "Toronto CAN"]
[Date "2007.09.13"]
[Round "1"]
[White "Bellomo, Joe"]
[Black "Rapoport, Alexander"]
[Result "0-1"]
[WhiteElo "1759"]
[BlackElo "2014"]
[PlyCount "128"]
[GameId "2160767910579112"]
[EventDate "2007.09.13"]
[EventType "swiss"]
[EventRounds "7"]
[EventCountry "CAN"]

1. e4 c5 2. Nf3 e6 3. d4 cxd4 4. Nxd4 a6 5. Nc3 Qc7 6. Be2 Nc6 7. Be3 Nf6 8. h3 b5 9. Nxc6 dxc6 10. Bf3 Bb7 11. O-O Bb4 12. Bg5 Qe5 13. Bxf6 gxf6 14. Qd3 Bd6 15. g3 Rg8 16. Bg2 O-O-O 17. Qe2 h5 18. h4 Rg4 19. f4 Qc5+ 20. Kh2 Rdg8 21. Rf3 e5 22. f5 b4 23. Nd1 Qd4 24. Nf2 Qxb2 25. Rd1 Bc5 26. Nxg4 hxg4 27. Rfd3 Bd4 28. Rb3 Qxa2 29. Rxb4 c5 30. Rbb1 Kc7 31. Qd3 c4 32. Qd2 a5 33. Rb5 c3 34. Qc1 Bc6 35. Rb1 Ba4 36. Ra1 Qxc2 37. Qa3 Qxd1 38. Rxd1 Bxd1 39. Qe7+ Kb8 40. Bf1 Rc8 41. Qd6+ Rc7 42. Qd8+ Kb7 43. Ba6+ Kb6 44. Qb8+ Kc6 45. Qb5+ Kd6 46. Qxa5 c2 47. Qa3+ Rc5 48. Bc4 Kd7 49. Qa7+ Rc7 50. Qa4+ Ke7 51. Qb4+ Bc5 52. Qc3 Kf8 53. h5 Kg7 54. Qd2 Bb4 55. Qd8 c1=Q 56. Qxc7 Qd2+ 57. Kg1 Qe1+ 58. Bf1 Qxg3+ 59. Bg2 Bf3 60. Qc2 Bxe4 61. h6+ Kh7 62. Qe2 Bc5+ 63. Kf1 Bd3 64. Qxd3 Qf2# 0-1

[Event "Howard Ridout Swiss"]
[Site "Toronto CAN"]
[Date "2007.09.20"]
[Round "2"]
[White "Rapoport, Alexander"]
[Black "Lamb, Bryan"]
[Result "0-1"]
[WhiteElo "2014"]
[BlackElo "2207"]
[PlyCount "130"]
[GameId "2160767910579113"]
[EventDate "2007.09.13"]
[EventType "swiss"]
[EventRounds "7"]
[EventCountry "CAN"]

1. d4 Nf6 2. Nd2 g6 3. Ngf3 d6 4. g3 Bg7 5. Bg2 O-O 6. O-O Nbd7 7. Nc4 c5 8. c3 b5 9. Na3 Rb8 10. dxc5 Nxc5 11. Nd4 Bd7 12. Nc6 Bxc6 13. Bxc6 a6 14. Bg2 a5 15. Nc2 b4 16. Nd4 Qb6 17. cxb4 axb4 18. Nc6 Rb7 19. a3 bxa3 20. Rxa3 Rc8 21. b4 Nce4 22. b5 Qxb5 23. Na7 Rxa7 24. Rxa7 Nc3 25. Qe1 Nxe2+ 26. Kh1 Rxc1 27. Ra8+ Bf8 28. Qxc1 Nxc1 29. Rxc1 Qb2 30. Rac8 Qxf2 31. R8c2 Qe3 32. Rc3 Qe5 33. Rc8 Ne4 34. Rf1 Qd4 35. Bf3 Nd2 36. Rd1 Nxf3 37. Rxd4 Nxd4 38. Kg2 f5 39. Kf2 Kf7 40. Ke3 e5 41. Rc7+ Be7 42. Kd3 Ke6 43. Ra7 g5 44. Ra8 Bf6 45. Ra7 h5 46. Rh7 h4 47. Rh6 d5 48. Ke3 f4+ 49. Kf2 hxg3+ 50. hxg3 Nf5 51. Rh7 Nxg3 52. Rb7 Kf5 53. Rd7 d4 54. Rd5 g4 55. Kg2 Ke4 56. Rd6 d3 57. Kf2 Bh4 58. Rd7 Ne2+ 59. Kf1 Nd4 60. Ra7 d2 61. Ra1 Nb3 62. Ra4+ Kf3 63. Rxf4+ exf4 64. Kg1 d1=Q+ 65. Kh2 Bg3# 0-1

[Event "Howard Ridout Swiss"]
[Site "Toronto CAN"]
[Date "2007.10.04"]
[Round "4"]
[White "Rapoport, Alexander"]
[Black "Armstrong, Robert J"]
[Result "0-1"]
[WhiteElo "2014"]
[BlackElo "1771"]
[PlyCount "124"]
[GameId "2160767910579114"]
[EventDate "2007.09.13"]
[EventType "swiss"]
[EventRounds "7"]
[EventCountry "CAN"]

1. d4 g6 2. e4 Bg7 3. f4 d6 4. Nf3 Nf6 5. Nc3 O-O 6. Be2 c5 7. e5 dxe5 8. fxe5 Nd5 9. Nxd5 Qxd5 10. c4 Qd8 11. d5 Qa5+ 12. Bd2 Qc7 13. O-O Bxe5 14. Nxe5 Qxe5 15. Bc3 Qg5 16. Rf3 Nd7 17. Rg3 Qf4 18. Qc2 Nf6 19. Rf1 Qh4 20. Bxf6 exf6 21. Rgf3 Qd4+ 22. Kh1 f5 23. Rd3 Qe5 24. Bf3 Bd7 25. Qf2 b6 26. Re1 Qd6 27. Rde3 Rfe8 28. Rxe8+ Rxe8 29. Rxe8+ Bxe8 30. Qe3 Bd7 31. Kg1 f6 32. g3 Qe5 33. Qc3 Qxc3 34. bxc3 Kf7 35. Kf2 Ke7 36. Ke3 Kd6 37. h3 Ke5 38. h4 g5 39. Bh5 f4+ 40. gxf4+ gxf4+ 41. Kf2 Bf5 42. Bf7 Bd3 43. h5 h6 44. a3 Kd6 45. Kf3 Ke5 46. Bg8 Bc2 47. d6 Bd1+ 48. Kf2 Kxd6 49. Bf7 Ke5 50. Bg6 Bb3 51. Bf7 Kf5 52. Ke2 Kg5 53. Kd2 Kg4 54. Ke2 Kg3 55. Bd5 Bc2 56. Be6 f3+ 57. Kf1 Bd3+ 58. Ke1 f2+ 59. Kd2 f1=Q 60. Bg4 Kxg4 61. a4 Qe2+ 62. Kc1 Qc2# 0-1

[Event "Howard Ridout Swiss"]
[Site "Toronto CAN"]
[Date "2007.10.18"]
[Round "6"]
[White "Rapoport, Alexander"]
[Black "Rutherdale, William"]
[Result "1-0"]
[WhiteElo "2014"]
[BlackElo "1892"]
[PlyCount "53"]
[GameId "2160767910579115"]
[EventDate "2007.09.13"]
[EventType "swiss"]
[EventRounds "7"]
[EventCountry "CAN"]

1. d4 d5 2. e3 c5 3. f4 Nc6 4. Nf3 e6 5. c3 Nf6 6. Bd3 Bd6 7. O-O a6 8. Ne5 Qc7 9. Nd2 b5 10. a3 O-O 11. Rf3 cxd4 12. exd4 Bb7 13. Rh3 Rfe8 14. Bxh7+ Kf8 15. Bd3 Bxe5 16. fxe5 Ng8 17. Nf3 Ke7 18. Rh7 Kd7 19. Rxg7 Rf8 20. Bf4 Nce7 21. Ng5 f5 22. Nh7 Rfe8 23. Qf3 Kc6 24. c4 bxc4 25. Bxc4 Kb6 26. Bb3 Qd7 27. Nf6 1-0

[Event "Howard Ridout Swiss"]
[Site "Toronto CAN"]
[Date "2007.10.25"]
[Round "7"]
[White "London, John"]
[Black "Rapoport, Alexander"]
[Result "1/2-1/2"]
[WhiteElo "1826"]
[BlackElo "2014"]
[PlyCount "130"]
[GameId "2160767910579116"]
[EventDate "2007.09.13"]
[EventType "swiss"]
[EventRounds "7"]
[EventCountry "CAN"]

1. Nf3 d5 2. c4 e6 3. d4 f5 4. Nc3 Nf6 5. Bg5 Be7 6. e3 O-O 7. Bd3 c6 8. O-O Ne4 9. Bxe7 Qxe7 10. Nd2 Rf6 11. f3 Nxc3 12. bxc3 Rh6 13. f4 Bd7 14. Nf3 Be8 15. Qb3 Bh5 16. Rab1 Bxf3 17. Rxf3 dxc4 18. Bxc4 b5 19. Bd3 Rf6 20. c4 a6 21. a4 Nd7 22. axb5 axb5 23. cxb5 Ra3 24. Qc2 c5 25. b6 Rf8 26. b7 Rb8 27. Bc4 g6 28. d5 Nf6 29. dxe6 Rxb7 30. Rxb7 Qxb7 31. h3 Kg7 32. Bd3 Qd5 33. Bc4 Qd6 34. Qb2 Ra7 35. Rf2 Qe7 36. Rd2 Kh6 37. Qe5 Ne4 38. Rc2 Qf6 39. Qxf6 Nxf6 40. Bb5 Rc7 41. Kf2 Kg7 42. Kf3 Kf8 43. g4 Ke7 44. Bc4 Ne8 45. gxf5 gxf5 46. Rg2 Kf6 47. Rd2 Ng7 48. Rd7 Rxd7 49. exd7 Ke7 50. Bb5 Ne6 51. Bd3 Kf6 52. Kg3 Nd8 53. Kh4 Kg6 54. Bc4 Kf6 55. Kh5 Ke7 56. Kg5 Nb7 57. Bd3 Nd6 58. Bxf5 h6+ 59. Kg6 c4 60. Bc2 Kxd7 61. Kxh6 Ke7 62. Kg6 Kf8 63. h4 Nb7 64. h5 Nd6 65. h6 Kg8 1/2-1/2

[Event "Howard Ridout Swiss U1700"]
[Site "Toronto CAN"]
[Date "2007.09.27"]
[Round "3"]
[White "Xia, Linda"]
[Black "Brown, John R"]
[Result "0-1"]
[WhiteElo "1323"]
[BlackElo "1618"]
[PlyCount "86"]
[GameId "2160767910579117"]
[EventDate "2007.09.13"]
[EventType "swiss"]
[EventRounds "7"]
[EventCountry "CAN"]

1. d4 e5 2. dxe5 Nc6 3. Nf3 Qe7 4. e3 Nxe5 5. Nbd2 Nf6 6. Be2 h5 7. Nd4 d5 8. N2f3 c6 9. Bd2 Ne4 10. Bc3 Ng4 11. Rf1 Qd6 12. h3 Nh2 13. Rh1 Nxf3+ 14. Bxf3 Qg6 15. Bxe4 Qxe4 16. Qf3 Qxf3 17. Nxf3 f6 18. O-O-O Bf5 19. Nd4 Bd7 20. Rhe1 O-O-O 21. e4 dxe4 22. Rxe4 f5 23. Rf4 Bd6 24. Rf3 Rhf8 25. Nb3 Bc7 26. Bxg7 Rg8 27. Bf6 Rdf8 28. Be7 Rf7 29. Bd6 Rxg2 30. Bxc7 Kxc7 31. Nc5 Bc8 32. Nd3 Rgg7 33. Ne5 Re7 34. Nc4 Re2 35. Nd6 Rg2 36. Rf1 Kxd6 37. Rd1+ Kc7 38. Rfd3 Rgxf2 39. Rd8 Rxc2+ 40. Kb1 f4 41. h4 Bf5 42. Ka1 Rxb2 43. Rf8 Rxa2# 0-1

[Event "Howard Ridout Swiss U1700"]
[Site "Toronto CAN"]
[Date "2007.10.04"]
[Round "4"]
[White "Brown, John R"]
[Black "Wu, Kevin"]
[Result "1-0"]
[WhiteElo "1618"]
[BlackElo "1423"]
[PlyCount "72"]
[GameId "2160767910579118"]
[EventDate "2007.09.13"]
[EventType "swiss"]
[EventRounds "7"]
[EventCountry "CAN"]

1. d4 Nf6 2. Nc3 g6 3. h4 Bg7 4. Bg5 d6 5. Qd2 O-O 6. Bh6 Bf5 7. Bxg7 Kxg7 8. f3 c5 9. g4 cxd4 10. Qxd4 Nc6 11. Qd2 Be6 12. h5 Rh8 13. Nh3 Qb6 14. h6+ Kf8 15. g5 Nh5 16. O-O-O Ne5 17. b3 Rc8 18. f4 Ng4 19. e4 Qb4 20. f5 Qxc3 21. Qxc3 Rxc3 22. fxe6 Ne3 23. Rd3 Rxd3 24. Bxd3 fxe6 25. Re1 Ng4 26. Rf1+ Ke8 27. Be2 Ne5 28. Bxh5 gxh5 29. Nf4 Rg8 30. Nxe6 Kd7 31. Ng7 Rc8 32. Nxh5 Nd3+ 33. Kb1 Nb4 34. c4 Rc5 35. Rf5 Rxf5 36. exf5 e5 1-0

[Event "Howard Ridout Swiss U1700"]
[Site "Toronto CAN"]
[Date "2007.10.25"]
[Round "7"]
[White "Brown, John R"]
[Black "Arfin, Sam"]
[Result "1-0"]
[WhiteElo "1618"]
[BlackElo "1544"]
[PlyCount "83"]
[GameId "2160767910579120"]
[EventDate "2007.09.13"]
[EventType "swiss"]
[EventRounds "7"]
[EventCountry "CAN"]

1. d4 Nf6 2. Nc3 d5 3. e4 dxe4 4. f3 e3 5. Bxe3 g6 6. Qd2 Bg7 7. Bc4 Nbd7 8. Bh6 Bxh6 9. Qxh6 Rf8 10. Nge2 Nb6 11. Bb3 Nbd5 12. Qd2 Be6 13. Ne4 Bf5 14. N2g3 Bxe4 15. Nxe4 Qd7 16. a4 O-O-O 17. c4 Nb6 18. a5 Na8 19. Rd1 Nxe4 20. fxe4 Qg4 21. O-O c5 22. Rf4 Qg5 23. d5 Nc7 24. Qf2 f6 25. Rf1 Na6 26. Qe2 h5 27. e5 Kb8 28. h4 Qh6 29. exf6 exf6 30. Rxf6 Rfe8 31. Re6 Rxe6 32. Qxe6 Qd2 33. Qe5+ Ka8 34. Rd1 Qxa5 35. d6 Qb4 36. Qe7 Qb6 37. d7 Kb8 38. Rd6 Qc7 39. Ba4 Nb4 40. Rf6 Nc6 41. Bxc6 bxc6 42. Rf8 1-0

[Event "Hull CC XXVIII anniversaire A"]
[Site "Gatineau CAN"]
[Date "2007.09.11"]
[Round "1"]
[White "Chartrand, Jean Bruno"]
[Black "Desjardins, Michel"]
[Result "1/2-1/2"]
[WhiteElo "2028"]
[BlackElo "1943"]
[PlyCount "46"]
[GameId "2160767910579218"]
[EventDate "2007.09.11"]
[EventType "tourn"]
[EventRounds "5"]
[EventCountry "CAN"]
[SourceTitle "EXT 2022"]
[Source "ChessBase"]
[SourceDate "2021.10.06"]
[SourceVersion "1"]
[SourceVersionDate "2021.10.06"]
[SourceQuality "1"]

1. Nf3 d5 2. d4 c6 3. c4 dxc4 4. a4 b5 5. Nc3 b4 6. Na2 a5 7. e4 Nf6 8. e5 Nd5 9. Bxc4 Bf5 10. O-O e6 11. Be3 Be7 12. Nc1 O-O 13. Bd3 Bxd3 14. Nxd3 Nd7 15. Rc1 Rc8 16. Nd2 c5 17. Qe2 cxd4 18. Bxd4 N7b6 19. Nb3 Rxc1 20. Rxc1 Nxa4 21. Ra1 Qd7 22. Nxa5 Rc8 23. Nb3 h6 1/2-1/2

[Event "Hull CC XXVIII anniversaire A"]
[Site "Gatineau CAN"]
[Date "2007.09.11"]
[Round "1"]
[White "Danilov, Alex"]
[Black "Brousseau, Yvan"]
[Result "0-1"]
[WhiteElo "1920"]
[BlackElo "2025"]
[PlyCount "128"]
[GameId "2160767910579219"]
[EventDate "2007.09.11"]
[EventType "tourn"]
[EventRounds "5"]
[EventCountry "CAN"]
[SourceTitle "EXT 2022"]
[Source "ChessBase"]
[SourceDate "2021.10.06"]
[SourceVersion "1"]
[SourceVersionDate "2021.10.06"]
[SourceQuality "1"]

1. c4 Nf6 2. g3 g6 3. Bg2 Bg7 4. Nc3 O-O 5. e4 e5 6. Nge2 d6 7. O-O Bg4 8. h3 Be6 9. d3 c6 10. f4 exf4 11. Nxf4 Qb6+ 12. Kh2 Nbd7 13. Qe2 Ne5 14. Be3 Qc7 15. Rac1 Rad8 16. Ncd5 Nxd5 17. cxd5 Bc8 18. dxc6 Nxc6 19. Bxa7 Qa5 20. Be3 Qxa2 21. Rc2 Nd4 22. Bxd4 Bxd4 23. Nd5 Be6 24. Nf6+ Kg7 25. Nd5 b5 26. Nb4 Qa4 27. Nc6 Rc8 28. Nxd4 Qxd4 29. Rfc1 Rxc2 30. Rxc2 b4 31. Bf1 Bb3 32. Rd2 Ra8 33. Kg2 Ra1 34. Qf2 Qxf2+ 35. Kxf2 Rc1 36. Be2 Bc2 37. Ke3 b3 38. Kd4 Kf6 39. Kd5 Ke7 40. Kc4 Rg1 41. g4 Rh1 42. h4 Ke6 43. h5 Ke5 44. Bf3 Rb1 45. hxg6 hxg6 46. Rf2 Rxb2 47. d4+ Ke6 48. Rf1 Ra2 49. Kc3 g5 50. e5 dxe5 51. Re1 f6 52. dxe5 fxe5 53. Be4 Bxe4 54. Rxe4 Rc2+ 55. Kxb3 Rc7 56. Ra4 Kd5 57. Ra8 Ke4 58. Rf8 Kd4 59. Rd8+ Ke3 60. Rf8 e4 61. Rf5 Rg7 62. Kc2 Ke2 63. Kc3 e3 64. Kd4 Kd2 0-1

[Event "Hull CC XXVIII anniversaire A"]
[Site "Gatineau CAN"]
[Date "2007.09.11"]
[Round "1"]
[White "Szalay, Karoly"]
[Black "Pepin, Christian"]
[Result "1-0"]
[WhiteElo "1985"]
[BlackElo "1941"]
[PlyCount "59"]
[GameId "2160767910579220"]
[EventDate "2007.09.11"]
[EventType "tourn"]
[EventRounds "5"]
[EventCountry "CAN"]
[SourceTitle "EXT 2022"]
[Source "ChessBase"]
[SourceDate "2021.10.06"]
[SourceVersion "1"]
[SourceVersionDate "2021.10.06"]
[SourceQuality "1"]

1. e4 c6 2. d4 d5 3. Nd2 dxe4 4. Nxe4 Nd7 5. Bc4 Ngf6 6. Ng5 e6 7. Qe2 Nb6 8. N1f3 Nxc4 9. Qxc4 h6 10. Nh3 Qd5 11. Qe2 Qe4 12. Be3 Nd5 13. O-O-O Bd6 14. c4 Nxe3 15. fxe3 Bd7 16. Nd2 Qh4 17. e4 e5 18. c5 Bxh3 19. cxd6 Bg4 20. Nf3 Bxf3 21. gxf3 O-O-O 22. dxe5 Qg5+ 23. Qd2 Qxe5 24. f4 Qe6 25. Qd4 Qxa2 26. e5 Kd7 27. f5 b5 28. e6+ Ke8 29. d7+ Kf8 30. e7+ 1-0

[Event "Hull CC XXVIII anniversaire A"]
[Site "Gatineau CAN"]
[Date "2007.09.18"]
[Round "2"]
[White "Brousseau, Yvan"]
[Black "Desjardins, Michel"]
[Result "1/2-1/2"]
[WhiteElo "2081"]
[BlackElo "1943"]
[PlyCount "35"]
[GameId "2160767910579221"]
[EventDate "2007.09.11"]
[EventType "tourn"]
[EventRounds "5"]
[EventCountry "CAN"]
[SourceTitle "EXT 2022"]
[Source "ChessBase"]
[SourceDate "2021.10.06"]
[SourceVersion "1"]
[SourceVersionDate "2021.10.06"]
[SourceQuality "1"]

1. b3 e5 2. Bb2 d6 3. g3 Nf6 4. Bg2 g6 5. d4 Nbd7 6. dxe5 Nxe5 7. Nf3 Nxf3+ 8. Bxf3 Bg7 9. Nc3 O-O 10. O-O c6 11. Qd3 d5 12. Rad1 Bf5 13. Qd2 Re8 14. Qc1 Qc8 15. Rfe1 Ne4 16. Nxe4 Bxb2 17. Qxb2 Bxe4 18. Bxe4 1/2-1/2

[Event "Hull CC XXVIII anniversaire A"]
[Site "Gatineau CAN"]
[Date "2007.09.18"]
[Round "2"]
[White "Danilov, Alex"]
[Black "Szalay, Karoly"]
[Result "0-1"]
[WhiteElo "1920"]
[BlackElo "1985"]
[PlyCount "42"]
[GameId "2160767910579222"]
[EventDate "2007.09.11"]
[EventType "tourn"]
[EventRounds "5"]
[EventCountry "CAN"]
[SourceTitle "EXT 2022"]
[Source "ChessBase"]
[SourceDate "2021.10.06"]
[SourceVersion "1"]
[SourceVersionDate "2021.10.06"]
[SourceQuality "1"]

1. d4 d5 2. Bf4 c6 3. c3 Bf5 4. e3 Qb6 5. Qb3 Nf6 6. Nf3 h6 7. h3 e6 8. Nbd2 Nbd7 9. Be2 c5 10. O-O c4 11. Qa4 Qxb2 12. Rab1 Bxb1 13. Rxb1 Qa3 14. Qb5 Qa6 15. Qxb7 Qxb7 16. Rxb7 Ba3 17. Ne5 Bc1 18. Ndf3 Nxe5 19. Nxe5 O-O 20. Nc6 Ne4 21. Bd6 Nxd6 0-1

[Event "Hull CC XXVIII anniversaire A"]
[Site "Gatineau CAN"]
[Date "2007.09.18"]
[Round "2"]
[White "Pepin, Christian"]
[Black "Chartrand, Jean Bruno"]
[Result "1-0"]
[WhiteElo "1950"]
[BlackElo "2028"]
[PlyCount "55"]
[GameId "2160767910579223"]
[EventDate "2007.09.11"]
[EventType "tourn"]
[EventRounds "5"]
[EventCountry "CAN"]
[SourceTitle "EXT 2022"]
[Source "ChessBase"]
[SourceDate "2021.10.06"]
[SourceVersion "1"]
[SourceVersionDate "2021.10.06"]
[SourceQuality "1"]

1. e4 Nf6 2. e5 Nd5 3. d4 d6 4. c4 Nb6 5. f4 dxe5 6. fxe5 Nc6 7. Be3 Bf5 8. Nc3 e6 9. Nf3 Be7 10. Be2 O-O 11. O-O f6 12. exf6 Bxf6 13. Qd2 Qd7 14. Rad1 Ne7 15. Ng5 Bg6 16. Nce4 Nf5 17. Nxf6+ gxf6 18. Nf3 Nxe3 19. Qxe3 Qe7 20. Nh4 Bf7 21. Nf5 Qd7 22. Nh6+ Kg7 23. Rxf6 Kxf6 24. Ng4+ Ke7 25. Qg5+ Ke8 26. Nf6+ Kd8 27. Nxd7+ Kxd7 28. Qg7 1-0

[Event "Hull CC XXVIII anniversaire A"]
[Site "Gatineau CAN"]
[Date "2007.09.25"]
[Round "3"]
[White "Chartrand, Jean Bruno"]
[Black "Danilov, Alex"]
[Result "1-0"]
[WhiteElo "2028"]
[BlackElo "1920"]
[PlyCount "97"]
[GameId "2160767910579224"]
[EventDate "2007.09.11"]
[EventType "tourn"]
[EventRounds "5"]
[EventCountry "CAN"]
[SourceTitle "EXT 2022"]
[Source "ChessBase"]
[SourceDate "2021.10.06"]
[SourceVersion "1"]
[SourceVersionDate "2021.10.06"]
[SourceQuality "1"]

1. d4 Nf6 2. c4 e6 3. Nc3 Bb4 4. Qc2 O-O 5. Bg5 h6 6. Bh4 b5 7. cxb5 c6 8. bxc6 Nxc6 9. e3 Bb7 10. Nf3 Rc8 11. Be2 g5 12. Bg3 Nd5 13. O-O Bxc3 14. bxc3 Ncb4 15. Qb2 Nxc3 16. Bd6 Nxe2+ 17. Qxe2 Ba6 18. Qb2 Bxf1 19. Qxb4 Be2 20. Bxf8 Qxf8 21. Qb7 Bxf3 22. gxf3 a5 23. Qxd7 Rd8 24. Qc7 a4 25. Rc1 a3 26. Qc5 Ra8 27. Qxf8+ Kxf8 28. Kg2 Ke7 29. Kg3 Kd6 30. Kg4 f5+ 31. Kh5 Ra5 32. Kxh6 g4 33. fxg4 fxg4 34. Rc5 Ra8 35. Kg5 Rf8 36. Ra5 Rxf2 37. Rxa3 Rxh2 38. Kxg4 Rf2 39. Kg3 Rf6 40. Ra5 Rf8 41. a4 Kc6 42. Rc5+ Kd6 43. a5 Rf1 44. Kg2 Rf8 45. a6 Ra8 46. Ra5 Ra7 47. Kf3 Kc6 48. Ke4 Kb6 49. Ra3 1-0

[Event "Hull CC XXVIII anniversaire A"]
[Site "Gatineau CAN"]
[Date "2007.09.25"]
[Round "3"]
[White "Desjardins, Michel"]
[Black "Pepin, Christian"]
[Result "0-1"]
[WhiteElo "1950"]
[BlackElo "1950"]
[PlyCount "78"]
[GameId "2160767910579225"]
[EventDate "2007.09.11"]
[EventType "tourn"]
[EventRounds "5"]
[EventCountry "CAN"]
[SourceTitle "EXT 2022"]
[Source "ChessBase"]
[SourceDate "2021.10.06"]
[SourceVersion "1"]
[SourceVersionDate "2021.10.06"]
[SourceQuality "1"]

1. e4 c6 2. d4 d5 3. e5 c5 4. dxc5 Nc6 5. Bb5 Bf5 6. Be3 e6 7. Nc3 Nge7 8. Nf3 Bg4 9. h3 Bh5 10. g4 Bg6 11. Qd2 Qc7 12. Ba4 a6 13. O-O-O O-O-O 14. a3 Be4 15. Nxe4 dxe4 16. Nd4 Qxe5 17. Bxc6 bxc6 18. Bf4 Qxc5 19. Nxe6 Rxd2 20. Nxc5 Rxd1+ 21. Rxd1 Nd5 22. Rxd5 cxd5 23. Nxa6 Kb7 24. Nc7 Kc6 25. a4 Bc5 26. Bg3 Bxf2 27. Bxf2 Kxc7 28. Bd4 f6 29. a5 Kb7 30. Kd2 h5 31. g5 fxg5 32. Bxg7 Rg8 33. Be5 g4 34. hxg4 h4 35. Ke3 Rxg4 36. Kf2 h3 37. Kf1 d4 38. b4 Ka6 39. Bd6 Rg2 0-1

[Event "Hull CC XXVIII anniversaire A"]
[Site "Gatineau CAN"]
[Date "2007.09.25"]
[Round "3"]
[White "Szalay, Karoly"]
[Black "Brousseau, Yvan"]
[Result "1-0"]
[WhiteElo "1985"]
[BlackElo "2025"]
[PlyCount "113"]
[GameId "2160767910579226"]
[EventDate "2007.09.11"]
[EventType "tourn"]
[EventRounds "5"]
[EventCountry "CAN"]
[SourceTitle "EXT 2022"]
[Source "ChessBase"]
[SourceDate "2021.10.06"]
[SourceVersion "1"]
[SourceVersionDate "2021.10.06"]
[SourceQuality "1"]

1. e4 e5 2. Nf3 Nc6 3. Bb5 a6 4. Ba4 Nf6 5. O-O Be7 6. Re1 b5 7. Bb3 d6 8. c3 Na5 9. Bc2 c5 10. d4 Qc7 11. Nbd2 O-O 12. Nf1 Bg4 13. d5 b4 14. Ne3 bxc3 15. bxc3 Bd7 16. Ba3 Ng4 17. Nf5 Bxf5 18. exf5 Nc4 19. Bc1 Nf6 20. Bd3 Nb6 21. c4 e4 22. Bxe4 Nxc4 23. Bd2 Nxe4 24. Rxe4 Nxd2 25. Nxd2 Bf6 26. Rc1 Rfe8 27. Qa4 Rxe4 28. Nxe4 Be7 29. g4 h6 30. f4 Qb7 31. Qc4 Qb5 32. Qc2 Qd7 33. g5 f6 34. h4 Kf7 35. g6+ Kf8 36. Ng3 Re8 37. Qe2 Bd8 38. Qxa6 Re3 39. Kf2 Qe7 40. Ne2 Rh3 41. Kg2 Re3 42. Nc3 Qd7 43. Kf2 Qe7 44. Rc2 Rh3 45. Re2 Rh2+ 46. Ke1 Rxe2+ 47. Nxe2 Qd7 48. Ng3 Qe7+ 49. Kf2 Qc7 50. Ne4 Ke7 51. Ke3 c4 52. Kd4 c3 53. Nxc3 Qc5+ 54. Kd3 Bc7 55. Qc6 Qxc6 56. dxc6 Kd8 57. Nd5 1-0

[Event "Hull CC XXVIII anniversaire A"]
[Site "Gatineau CAN"]
[Date "2007.10.02"]
[Round "4"]
[White "Danilov, Alex"]
[Black "Desjardins, Michel"]
[Result "1-0"]
[WhiteElo "1920"]
[BlackElo "1943"]
[PlyCount "36"]
[GameId "2160767910579228"]
[EventDate "2007.09.11"]
[EventType "tourn"]
[EventRounds "5"]
[EventCountry "CAN"]
[SourceTitle "EXT 2022"]
[Source "ChessBase"]
[SourceDate "2021.10.06"]
[SourceVersion "1"]
[SourceVersionDate "2021.10.06"]
[SourceQuality "1"]

1. d4 d5 2. c4 c6 3. Nf3 dxc4 4. g3 e6 5. Bg2 Nf6 6. O-O b5 7. a4 Bb7 8. Ne5 a6 9. Nc3 Qc8 10. e4 Bb4 11. Bg5 Nbd7 12. Nxd7 Nxd7 13. d5 exd5 14. exd5 Bxc3 15. dxc6 Bxc6 16. Qd6 f6 17. Bxc6 Ra7 18. bxc3 fxg5 1-0

[Event "Hull CC XXVIII anniversaire A"]
[Site "Gatineau CAN"]
[Date "2007.10.02"]
[Round "4"]
[White "Szalay, Karoly"]
[Black "Chartrand, Jean Bruno"]
[Result "1/2-1/2"]
[WhiteElo "2021"]
[BlackElo "2028"]
[PlyCount "131"]
[GameId "2160767910579229"]
[EventDate "2007.09.11"]
[EventType "tourn"]
[EventRounds "5"]
[EventCountry "CAN"]
[SourceTitle "EXT 2022"]
[Source "ChessBase"]
[SourceDate "2021.10.06"]
[SourceVersion "1"]
[SourceVersionDate "2021.10.06"]
[SourceQuality "1"]

1. e4 Nf6 2. e5 Nd5 3. c4 Nb6 4. d4 d6 5. f4 dxe5 6. fxe5 Nc6 7. Be3 Bf5 8. Nc3 e6 9. Be2 Nb4 10. Rc1 c5 11. Nf3 Bg4 12. d5 exd5 13. cxd5 N4xd5 14. Nxd5 Qxd5 15. Qxd5 Nxd5 16. Bb5+ Bd7 17. Bxd7+ Kxd7 18. Bf2 h6 19. O-O b6 20. Ne1 Ke6 21. Bg3 Be7 22. Nd3 Bg5 23. Bf4 Bxf4 24. Nxf4+ Nxf4 25. Rxf4 Rad8 26. Rcf1 Rhf8 27. Rg4 Rg8 28. b4 Rd4 29. Rxd4 cxd4 30. Rf4 Kxe5 31. Rxf7 Ke4 32. Kf2 Kd3 33. Ke1 Rc8 34. Kd1 Rc4 35. Rxa7 Rxb4 36. Ra3+ Ke4 37. Kc2 Rc4+ 38. Kd2 Rc6 39. Ra7 g5 40. h3 Rf6 41. Re7+ Kf4 42. Kd3 Kg3 43. Re2 Rf2 44. Re6 Kxg2 45. Rxh6 Rxa2 46. Rg6 Ra5 47. h4 Ra3+ 48. Kxd4 Ra4+ 49. Ke5 g4 50. h5 g3 51. Kf5 Ra5+ 52. Kg4 Ra4+ 53. Kg5 Ra5+ 54. Kg4 Kh2 55. Rxb6 g2 56. Rb2 Kh1 57. Rb1+ Kh2 58. Rb2 Kh1 59. Rb1+ g1=Q+ 60. Rxg1+ Kxg1 61. h6 Kg2 62. h7 Ra8 63. Kg5 Kg3 64. Kg6 Kg4 65. Kg7 Kg5 66. h8=Q 1/2-1/2